El complemento predicativo /
Guardado en:
| Hovedforfatter: | |
|---|---|
| Format: | Ukendt |
| Fag: | |
| Tags: |
Tilføj Tag
Ingen Tags, Vær først til at tagge denne postø!
|
MARC
| LEADER | 000000000a22000000004500 | ||
|---|---|---|---|
| 001 | 005678 | ||
| 100 | 1 | |a Garita Hernández, Flor María | |
| 245 | 1 | 3 | |a El complemento predicativo / |c Flor María Garita Hernández. |
| 310 | |a Semestral | ||
| 650 | 4 | |a GRAMÁTICA COMPARADA Y GENERAL | |
| 773 | 0 | |d Heredia, Costa Rica : Editorial de la Universidad Nacional |t Letras |g número 15-16-17 (1985-1986), páginas 47-59 | |
| 942 | |c ARC | ||
| 999 | |c 12433 |d 12433 | ||
